All Formula One Engines - Statistics

General Stats
  • This quiz has been taken 772 times
    556 since last reset
  • The average score is 22 of 71
Answer Stats
Years Active Grands Prix Engine % Correct
1950- 1124 Ferrari
99%
1954-55, 1994- 611 Mercedes
98%
2019-20 38 BWT Mercedes
97%
1964-68, 1983-92, 2000-08, 2015-21, 2026- 481 Honda
96%
2023-25 70 Honda RBPT
96%
1992-2000 147 Mugen Honda
96%
1977-86, 1989-97, 2001-25 771 Renault
93%
1967-99, 2003-04 516 Ford Cosworth
83%
1963-66 7 Ford
78%
1952-54, 1967-68, 1982-87, 2000-09 270 BMW
74%
2002-09 140 Toyota
74%
1958-64, 1991 35 Porsche
68%
1983-87 68 TAG Porsche
68%
1950-51, 1962-63, 1965, 1970-71, 1976-87 214 Alfa Romeo
61%
1989-93 80 Lamborghini
55%
2022 22 RBPT
54%
1994-2000 115 Peugeot
52%
2000-06, 2010-13 199 Cosworth
51%
1950-63, 1966-69 108 Maserati
50%
2016-18 62 TAG Heuer
48%
1951, 1956-60, 1962-77 189 BRM
44%
1959-60 5 Aston Martin
37%
1968, 1970-72, 1975-78, 1981-82 125 Matra
36%
1954-60 28 Vanwall
34%
1950 1 Jaguar
33%
1957-69 96 Climax
32%
1989, 1991-97 116 Yamaha
29%
1981-86, 1993-97 145 Hart
25%
1988-92 68 Judd
25%
1998 16 Mecachrome
24%
1993 16 Sauber
24%
1954-55 4 Lancia
23%
1997-2005 151 Petronas
22%
1998-2000 49 Playlife
22%
1999-2000 33 Supertec
22%
1956 1 Bugatti
21%
1966-69 33 Repco
21%
1998-99 32 Arrows
20%
2001 17 Acer
19%
2001-02 33 Asiatech
19%
1991-92, 1994 37 Ilmor
15%
1985-88 51 Zakspeed
15%
2000 17 Fondmetal
14%
1950-56 40 Gordini
12%
1950-51 13 Talbot
12%
2001 17 European
11%
1987-88 32 Megatron
11%
1985-87 44 Motori Moderni
10%
1963-64, 1967 7 ATS
9%
1950-51 4 ERA
8%
1950-60 12 Offenhauser
8%
1988 10 Osella
7%
1966 1 Serenissima
7%
1966-68 18 Weslake
7%
1950-59 26 Alta
6%
1959 1 Borgward
4%
1952-57 17 Bristol
4%
1953 1 EMW
4%
1951-53, 1959, 1961 8 OSCA
4%
1971 3 Pratt & Whitney
4%
1960 2 Scarab
4%
1960 3 Castellotti
3%
1950 1 JAP
3%
1972-73 10 Tecno
3%
1951-53 6 Veritas
3%
1952 2 Butterworth
2%
1952-54 10 Lea Francis
2%
1961 1 Conrero
1%
1950, 1952 2 Cummins
1%
1952 1 Küchen
1%
1951-53, 1956-58 6 Novi
1%
No matching quizzes found
Score Distribution
Percent of People with Each Score
Percentile by Number Answered
Your Score History
You have not taken this quiz since the last reset